MLB World Series Winners (2023 - 2000) - Statistics

General Stats
  • This quiz has been taken 70 times
  • The average score is 22 of 24
Answer Stats
Hint Answer % Correct
2021 Braves
97%
2020 Dodgers
97%
2009 Yankees
97%
2000 Yankees
97%
2016 Cubs
95%
2023 Rangers
95%
2018 Red Sox
95%
2013 Red Sox
95%
2007 Red Sox
95%
2004 Red Sox
95%
2022 Astros
94%
2017 Astros
94%
2011 Cardinals
88%
2006 Cardinals
88%
2008 Phillies
88%
2014 Giants
86%
2012 Giants
86%
2010 Giants
86%
2019 Nationals
86%
2015 Royals
85%
2001 Diamondbacks
83%
2005 White Sox
83%
2003 Marlins
82%
2002 Angels
74%
No matching quizzes found
Score Distribution
Percent of People with Each Score
Percentile by Number Answered
Your Score History
You have not taken this quiz